000 004110000a22001570004500
020 _a84-8164-580-x
041 0 _aSPA
082 0 4 _aG 230 Tam
100 1 _aTamayo Acosta, Juan José
245 1 0 _aNuevo paradigma teológico / Juan José Tamayo-Acosta
260 _aMadrid, España : Trotta
300 _a214 Pag
440 0 _aColección Estructuras y Procesos. Serie Religión
001 3304
942 _cBK
999 _c33984
_d33984